|
|
|
|
| LEADER |
00000nam a22000003a 4500 |
| 001 |
stu78607 |
| 005 |
20150617225642.8 |
| 008 |
030124s1996----xo------------------slo-d |
| 020 |
|
|
|a 80-8044-021-2
|
| 040 |
|
|
|a STU
|b slo
|
| 041 |
0 |
|
|a slo
|
| 044 |
|
|
|a xo
|
| 080 |
|
|
|a 657.4.012.2
|
| 100 |
1 |
|
|a Jindrák, Jaroslav
|4 aut
|
| 245 |
1 |
|
|a Zbierka súvzťažností k účtovnej osnove pre podnikateľov s úpravami na podmienky SR
|
| 250 |
|
|
|a 1. vyd.
|
| 260 |
|
|
|a Bratislava :
|b Elita,
|c 1996
|
| 300 |
|
|
|a 310 s
|
| 650 |
|
7 |
|a účtovníctvo
|2 stusub
|
| 650 |
|
7 |
|a Osnova účtová
|2 stusub
|
| 856 |
4 |
|
|a https://sweb.mtf.stuba.sk/obsahy/zbierka_suvztaznosti_k_uctovnej_osnove_pre_podnikateliv_96.pdf
|u https://sweb.mtf.stuba.sk/obsahy/zbierka_suvztaznosti_k_uctovnej_osnove_pre_podnikateliv_96.pdf
|3 OBSAH
|
| 996 |
|
|
|b 284M038463
|c M*10122-1
|l MMKN
|s A
|a 24
|w stu78607_0001
|